<?xml version="1.0" encoding="UTF-8"?>
<collection xmlns="http://www.loc.gov/MARC21/slim">
 <record>
  <leader>02623aam a22003138a 4500</leader>
  <controlfield tag="001">NCT_10592</controlfield>
  <controlfield tag="008">070821s2007                  ||||||viesd</controlfield>
  <datafield tag="999" ind1=" " ind2=" ">
   <subfield code="c">511</subfield>
   <subfield code="d">511</subfield>
  </datafield>
  <datafield tag="020" ind1=" " ind2=" ">
   <subfield code="c">38000</subfield>
  </datafield>
  <datafield tag="082" ind1="0" ind2="4">
   <subfield code="2">23rd ed.</subfield>
   <subfield code="a">615.7</subfield>
   <subfield code="b">T450/T.1</subfield>
  </datafield>
  <datafield tag="100" ind1="1" ind2=" ">
   <subfield code="a">Mai Tất Tố</subfield>
  </datafield>
  <datafield tag="245" ind1="1" ind2="0">
   <subfield code="a">Dược lý học :</subfield>
   <subfield code="b">Sách đào tạo dược sĩ đại học</subfield>
   <subfield code="n">Tập 1</subfield>
   <subfield code="c">Chủ biên: Mai Tất Tố, Vũ Thị Trâm</subfield>
  </datafield>
  <datafield tag="260" ind1=" " ind2=" ">
   <subfield code="a">H.</subfield>
   <subfield code="b">Y học</subfield>
   <subfield code="c">2007</subfield>
  </datafield>
  <datafield tag="300" ind1=" " ind2=" ">
   <subfield code="a">199tr.</subfield>
   <subfield code="b">bảng</subfield>
   <subfield code="c">27cm</subfield>
  </datafield>
  <datafield tag="500" ind1=" " ind2=" ">
   <subfield code="a">ĐTTS ghi: Bộ Y tế</subfield>
  </datafield>
  <datafield tag="520" ind1="3" ind2=" ">
   <subfield code="a">Giới thiệu đối tượng và vị trí của môn học. Sự hấp thu, phân bố, chuyển hoá, thải trừ và dược động học cơ bản. Tác dụng của thuốc. Thuốc tác dụng trên hệ thần kinh trung ương. Thuốc tác dụng trên hệ thần kinh thực vật</subfield>
  </datafield>
  <datafield tag="700" ind1="1" ind2=" ">
   <subfield code="a">Vũ Thị Trâm</subfield>
   <subfield code="e">Chủ biên</subfield>
  </datafield>
  <datafield tag="700" ind1="1" ind2=" ">
   <subfield code="a">Đào Thị Vui</subfield>
  </datafield>
  <datafield tag="942" ind1=" " ind2=" ">
   <subfield code="2">ddc</subfield>
   <subfield code="c">BK</subfield>
  </datafield>
  <datafield tag="952" ind1=" " ind2=" ">
   <subfield code="0">0</subfield>
   <subfield code="1">0</subfield>
   <subfield code="2">ddc</subfield>
   <subfield code="4">0</subfield>
   <subfield code="6">615_700000000000000_T450_T_1</subfield>
   <subfield code="7">0</subfield>
   <subfield code="9">3553</subfield>
   <subfield code="a">000001</subfield>
   <subfield code="b">000001</subfield>
   <subfield code="d">2017-11-13</subfield>
   <subfield code="l">5</subfield>
   <subfield code="m">1</subfield>
   <subfield code="o">615.7 T450/T.1</subfield>
   <subfield code="p">MD.05821</subfield>
   <subfield code="r">2020-11-04</subfield>
   <subfield code="s">2020-10-22</subfield>
   <subfield code="v">38000.00</subfield>
   <subfield code="w">2017-11-13</subfield>
   <subfield code="y">BK</subfield>
  </datafield>
  <datafield tag="952" ind1=" " ind2=" ">
   <subfield code="0">0</subfield>
   <subfield code="1">0</subfield>
   <subfield code="2">ddc</subfield>
   <subfield code="4">0</subfield>
   <subfield code="6">615_700000000000000_T450_T_1</subfield>
   <subfield code="7">0</subfield>
   <subfield code="9">3554</subfield>
   <subfield code="a">000001</subfield>
   <subfield code="b">000001</subfield>
   <subfield code="d">2017-11-13</subfield>
   <subfield code="o">615.7 T450/T.1</subfield>
   <subfield code="p">MD.05825</subfield>
   <subfield code="r">2017-11-13</subfield>
   <subfield code="v">38000.00</subfield>
   <subfield code="w">2017-11-13</subfield>
   <subfield code="y">BK</subfield>
  </datafield>
  <datafield tag="952" ind1=" " ind2=" ">
   <subfield code="0">0</subfield>
   <subfield code="1">0</subfield>
   <subfield code="2">ddc</subfield>
   <subfield code="4">0</subfield>
   <subfield code="6">615_700000000000000_T450_T_1</subfield>
   <subfield code="7">0</subfield>
   <subfield code="9">3555</subfield>
   <subfield code="a">000001</subfield>
   <subfield code="b">000001</subfield>
   <subfield code="d">2017-11-13</subfield>
   <subfield code="l">6</subfield>
   <subfield code="m">1</subfield>
   <subfield code="o">615.7 T450/T.1</subfield>
   <subfield code="p">MD.04704</subfield>
   <subfield code="r">2020-12-30</subfield>
   <subfield code="s">2020-12-26</subfield>
   <subfield code="v">38000.00</subfield>
   <subfield code="w">2017-11-13</subfield>
   <subfield code="y">BK</subfield>
  </datafield>
  <datafield tag="952" ind1=" " ind2=" ">
   <subfield code="0">0</subfield>
   <subfield code="1">0</subfield>
   <subfield code="2">ddc</subfield>
   <subfield code="4">0</subfield>
   <subfield code="6">615_700000000000000_T450_T_1</subfield>
   <subfield code="7">0</subfield>
   <subfield code="9">3556</subfield>
   <subfield code="a">000001</subfield>
   <subfield code="b">000001</subfield>
   <subfield code="d">2017-11-13</subfield>
   <subfield code="l">5</subfield>
   <subfield code="o">615.7 T450/T.1</subfield>
   <subfield code="p">MD.04705</subfield>
   <subfield code="r">2021-05-10</subfield>
   <subfield code="s">2021-04-26</subfield>
   <subfield code="v">38000.00</subfield>
   <subfield code="w">2017-11-13</subfield>
   <subfield code="y">BK</subfield>
  </datafield>
  <datafield tag="952" ind1=" " ind2=" ">
   <subfield code="0">0</subfield>
   <subfield code="1">0</subfield>
   <subfield code="2">ddc</subfield>
   <subfield code="4">0</subfield>
   <subfield code="6">615_700000000000000_T450_T_1</subfield>
   <subfield code="7">0</subfield>
   <subfield code="9">3557</subfield>
   <subfield code="a">000001</subfield>
   <subfield code="b">000001</subfield>
   <subfield code="d">2017-11-13</subfield>
   <subfield code="l">8</subfield>
   <subfield code="m">1</subfield>
   <subfield code="o">615.7 T450/T.1</subfield>
   <subfield code="p">MD.04706</subfield>
   <subfield code="r">2021-06-02</subfield>
   <subfield code="s">2021-05-10</subfield>
   <subfield code="v">38000.00</subfield>
   <subfield code="w">2017-11-13</subfield>
   <subfield code="y">BK</subfield>
  </datafield>
  <datafield tag="952" ind1=" " ind2=" ">
   <subfield code="0">0</subfield>
   <subfield code="1">0</subfield>
   <subfield code="2">ddc</subfield>
   <subfield code="4">0</subfield>
   <subfield code="6">615_700000000000000_T450_T_1</subfield>
   <subfield code="7">0</subfield>
   <subfield code="9">3558</subfield>
   <subfield code="a">000001</subfield>
   <subfield code="b">000001</subfield>
   <subfield code="d">2017-11-13</subfield>
   <subfield code="l">4</subfield>
   <subfield code="m">2</subfield>
   <subfield code="o">615.7 T450/T.1</subfield>
   <subfield code="p">MD.04707</subfield>
   <subfield code="r">2020-11-17</subfield>
   <subfield code="s">2020-10-27</subfield>
   <subfield code="v">38000.00</subfield>
   <subfield code="w">2017-11-13</subfield>
   <subfield code="y">BK</subfield>
  </datafield>
  <datafield tag="952" ind1=" " ind2=" ">
   <subfield code="0">0</subfield>
   <subfield code="1">0</subfield>
   <subfield code="2">ddc</subfield>
   <subfield code="4">0</subfield>
   <subfield code="6">615_700000000000000_T450_T_1</subfield>
   <subfield code="7">0</subfield>
   <subfield code="9">3559</subfield>
   <subfield code="a">000001</subfield>
   <subfield code="b">000001</subfield>
   <subfield code="d">2017-11-13</subfield>
   <subfield code="l">5</subfield>
   <subfield code="m">1</subfield>
   <subfield code="o">615.7 T450/T.1</subfield>
   <subfield code="p">MD.04708</subfield>
   <subfield code="r">2021-05-10</subfield>
   <subfield code="s">2021-04-28</subfield>
   <subfield code="v">38000.00</subfield>
   <subfield code="w">2017-11-13</subfield>
   <subfield code="y">BK</subfield>
  </datafield>
  <datafield tag="952" ind1=" " ind2=" ">
   <subfield code="0">0</subfield>
   <subfield code="1">0</subfield>
   <subfield code="2">ddc</subfield>
   <subfield code="4">0</subfield>
   <subfield code="6">615_700000000000000_T450_T_1</subfield>
   <subfield code="7">0</subfield>
   <subfield code="9">3560</subfield>
   <subfield code="a">000001</subfield>
   <subfield code="b">000001</subfield>
   <subfield code="d">2017-11-13</subfield>
   <subfield code="l">5</subfield>
   <subfield code="m">1</subfield>
   <subfield code="o">615.7 T450/T.1</subfield>
   <subfield code="p">MD.04709</subfield>
   <subfield code="r">2020-11-13</subfield>
   <subfield code="s">2020-11-04</subfield>
   <subfield code="v">38000.00</subfield>
   <subfield code="w">2017-11-13</subfield>
   <subfield code="y">BK</subfield>
  </datafield>
  <datafield tag="952" ind1=" " ind2=" ">
   <subfield code="0">0</subfield>
   <subfield code="1">0</subfield>
   <subfield code="2">ddc</subfield>
   <subfield code="4">0</subfield>
   <subfield code="6">615_700000000000000_T450_T_1</subfield>
   <subfield code="7">0</subfield>
   <subfield code="9">14901</subfield>
   <subfield code="a">000001</subfield>
   <subfield code="b">000001</subfield>
   <subfield code="d">2018-11-24</subfield>
   <subfield code="l">6</subfield>
   <subfield code="m">1</subfield>
   <subfield code="o">615.7 T450/T.1</subfield>
   <subfield code="p">MD.04710</subfield>
   <subfield code="r">2021-05-18</subfield>
   <subfield code="s">2021-05-04</subfield>
   <subfield code="v">38000.00</subfield>
   <subfield code="w">2018-11-24</subfield>
   <subfield code="y">BK</subfield>
  </datafield>
  <datafield tag="980" ind1=" " ind2=" ">
   <subfield code="a">Thư viện Trường Đại học Nam Cần Thơ</subfield>
  </datafield>
 </record>
</collection>
